Kim Il Sung, master of leadership / (Record no. 19365)

MARC details
000 -LEADER
fixed length control field 00885cam a2200277 i 4500
001 - CONTROL NUMBER
control field 1816607
003 - CONTROL NUMBER IDENTIFIER
control field BDDh-ASL
005 - DATE AND TIME OF LATEST TRANSACTION
control field 20231015025758.0
008 - FIXED-LENGTH DATA ELEMENTS--GENERAL INFORMATION
fixed length control field 800102s1976 ko af 000 0beng
010 ## - LIBRARY OF CONGRESS CONTROL NUMBER
LC control number 79322229
040 ## - CATALOGING SOURCE
Original cataloging agency DLC
Transcribing agency DLC
Modifying agency BDDh-ASL
041 1# - LANGUAGE CODE
Language code of text/sound track or separate title eng
Language code of original jpn
043 ## - GEOGRAPHIC AREA CODE
Geographic area code a-kn---
050 00 - LIBRARY OF CONGRESS CALL NUMBER
Classification number DS934.6.K5
Item number T3513
082 00 - DEWEY DECIMAL CLASSIFICATION NUMBER
Classification number 951.9304
-- B
Item number TAK
100 1# - MAIN ENTRY--PERSONAL NAME
Personal name Takagi, Takeo,
Dates associated with a name 1905-
240 10 - UNIFORM TITLE
Uniform title Kimu Iruson monogatari.
Language of a work English
245 10 - TITLE STATEMENT
Title Kim Il Sung, master of leadership /
Statement of responsibility, etc. Takagi Takeo.
260 ## - PUBLICATION, DISTRIBUTION, ETC.
Place of publication, distribution, etc. Pyongyang, Korea :
Name of publisher, distributor, etc. Foreign Languages Pub. House,
Date of publication, distribution, etc. 1976.
300 ## - PHYSICAL DESCRIPTION
Extent 240 p., [4] leaves of plates :
Other physical details ill. ;
Dimensions 19 cm.
500 ## - GENERAL NOTE
General note Translation of Kimu Iruson monogatari.
600 10 - SUBJECT ADDED ENTRY--PERSONAL NAME
Personal name Kim, Il-sŏng,
Dates associated with a name 1912-1994.
650 #0 - SUBJECT ADDED ENTRY--TOPICAL TERM
Topical term or geographic name entry element Heads of state
Geographic subdivision Korea (North)
Form subdivision Biography.
906 ## - LOCAL DATA ELEMENT F, LDF (RLIN)
a 7
b cbc
c orignew
d 4
e ncip
f 19
g y-gencatlg
942 ## - ADDED ENTRY ELEMENTS (KOHA)
Source of classification or shelving scheme Dewey Decimal Classification
Koha item type Books
Holdings
Withdrawn status Lost status Source of classification or shelving scheme Damaged status Not for loan Collection code Home library Current library Shelving location Date acquired Source of acquisition Total Checkouts Full call number Barcode Date last seen Copy number Price effective from Koha item type
    Dewey Decimal Classification     Non-fiction Asiatic Society Library Asiatic Society Library Sirajul Islam Collection 11/25/2020 Donated by Professor Sirajul Islam, FRHS   951.9304 TAK 102683 11/25/2020 C-1 11/25/2020 Books

Powered by Koha